[Event "DEM U16w 2023"]
[Site "Willingen GER"]
[Date "2023.05.29"]
[Round "3"]
[White "Malmström, Eva"]
[Black "Nguyen, Jenny Ha-Linh"]
[Result "1/2-1/2"]
[Termination "normal"]
[Board "9"]
[WhiteElo "1454"]
[BlackElo "1554"]
[WhiteClock "00:16:12"]
[BlackClock "00:15:42"]
[PlyCount "98"]
[WhiteFideId "34607072"]
[BlackFideId "16209729"]
[EventCountry "GER"]
[EventRounds "9"]
[EventType "swiss"]
[EventDate "2023.05.27"]

1. e4 {[%clk 01:30:58]} {[%emt 02:48:10]} e6 {[%clk 01:30:56]} {[%emt
00:00:08]} 2. d4 {[%clk 01:31:21]} {[%emt 00:00:12]} d5 {[%clk 01:31:20]}
{[%emt 00:00:09]} 3. exd5 {[%clk 01:31:42]} {[%emt 00:00:15]} exd5 {[%clk
01:31:43]} {[%emt 00:00:11]} 4. Nf3 {[%clk 01:32:04]} {[%emt 00:00:09]} Bd6
{[%clk 01:30:57]} {[%emt 00:00:56]} 5. c4 {[%clk 01:32:03]} {[%emt 00:00:30]}
Nf6 {[%clk 01:30:37]} {[%emt 00:00:51]} 6. Nc3 {[%clk 01:30:54]} {[%emt
00:01:39]} c6 {[%clk 01:30:35]} {[%emt 00:00:32]} 7. cxd5 {[%clk 01:30:28]}
{[%emt 00:00:56]} Nxd5 {[%clk 01:29:33]} {[%emt 00:01:32]} 8. Nxd5 {[%clk
01:29:52]} {[%emt 00:01:05]} cxd5 {[%clk 01:29:56]} {[%emt 00:00:07]} 9. Bd3
{[%clk 01:29:38]} {[%emt 00:00:44]} O-O {[%clk 01:29:04]} {[%emt 00:01:22]} 10.
O-O {[%clk 01:28:39]} {[%emt 00:01:29]} h6 {[%clk 01:26:38]} {[%emt 00:02:56]}
11. h3 {[%clk 01:27:55]} {[%emt 00:01:14]} Nc6 {[%clk 01:26:03]} {[%emt
00:01:05]} 12. a3 {[%clk 01:26:15]} {[%emt 00:02:11]} Qf6 {[%clk 01:24:42]}
{[%emt 00:01:51]} 13. Be3 {[%clk 01:23:44]} {[%emt 00:03:01]} Bf5 {[%clk
01:20:58]} {[%emt 00:04:14]} 14. Bxf5 {[%clk 01:20:06]} {[%emt 00:04:08]} Qxf5
{[%clk 01:21:22]} {[%emt 00:00:05]} 15. Rc1 {[%clk 01:19:19]} {[%emt 00:01:19]}
Rfe8 {[%clk 01:13:15]} {[%emt 00:08:36]} 16. Qd2 {[%clk 01:12:21]} {[%emt
00:07:28]} Ne7 {[%clk 01:05:58]} {[%emt 00:07:47]} 17. Rfd1 {[%clk 01:02:25]}
{[%emt 00:10:25]} Ng6 {[%clk 01:01:52]} {[%emt 00:04:36]} 18. Ne1 {[%clk
01:01:29]} {[%emt 00:01:26]} Nh4 {[%clk 00:57:51]} {[%emt 00:04:31]} 19. Qd3
{[%clk 00:50:56]} {[%emt 00:11:04]} Qe6 {[%clk 00:49:00]} {[%emt 00:09:20]} 20.
Qd2 {[%clk 00:49:19]} {[%emt 00:02:08]} Qg6 {[%clk 00:46:53]} {[%emt 00:02:36]}
21. Kf1 {[%clk 00:40:39]} {[%emt 00:09:10]} Re4 {[%clk 00:39:41]} {[%emt
00:07:43]} 22. f3 {[%clk 00:36:41]} {[%emt 00:04:27]} Re6 {[%clk 00:34:11]}
{[%emt 00:06:00]} 23. Rc2 {[%clk 00:29:54]} {[%emt 00:07:17]} Qf6 {[%clk
00:25:16]} {[%emt 00:09:25]} 24. Rdc1 {[%clk 00:23:04]} {[%emt 00:07:20]} Rae8
{[%clk 00:22:19]} {[%emt 00:03:28]} 25. Rc8 {[%clk 00:21:04]} {[%emt 00:02:29]}
Nf5 {[%clk 00:21:21]} {[%emt 00:01:28]} 26. Rxe8+ {[%clk 00:19:02]} {[%emt
00:02:31]} Rxe8 {[%clk 00:21:50]} {[%emt 00:00:03]} 27. Nc2 {[%clk 00:19:12]}
{[%emt 00:00:20]} Nxe3+ {[%clk 00:17:36]} {[%emt 00:04:44]} 28. Nxe3 {[%clk
00:18:38]} {[%emt 00:01:04]} Bf4 {[%clk 00:18:01]} {[%emt 00:00:05]} 29. Rc3
{[%clk 00:18:12]} {[%emt 00:00:55]} Qg5 {[%clk 00:17:51]} {[%emt 00:00:41]} 30.
Kf2 {[%clk 00:17:34]} {[%emt 00:01:07]} Qg3+ {[%clk 00:16:02]} {[%emt
00:02:19]} 31. Kf1 {[%clk 00:14:56]} {[%emt 00:03:09]} Qg6 {[%clk 00:13:33]}
{[%emt 00:02:58]} 32. Kf2 {[%clk 00:13:09]} {[%emt 00:02:17]} Qe6 {[%clk
00:12:31]} {[%emt 00:01:32]} 33. g3 {[%clk 00:09:07]} {[%emt 00:04:32]} Bd6
{[%clk 00:12:22]} {[%emt 00:00:40]} 34. Kg2 {[%clk 00:08:15]} {[%emt 00:01:22]}
Qg6 {[%clk 00:12:01]} {[%emt 00:00:53]} 35. Qf2 {[%clk 00:07:42]} {[%emt
00:01:02]} Qe6 {[%clk 00:10:01]} {[%emt 00:02:30]} 36. Ng4 {[%clk 00:06:42]}
{[%emt 00:01:29]} f5 {[%clk 00:07:31]} {[%emt 00:03:00]} 37. Re3 {[%clk
00:06:25]} {[%emt 00:00:47]} Qg6 {[%clk 00:07:08]} {[%emt 00:00:53]} 38. Rxe8+
{[%clk 00:04:39]} {[%emt 00:02:15]} Qxe8 {[%clk 00:07:32]} {[%emt 00:00:07]}
39. Qe3 {[%clk 00:03:48]} {[%emt 00:01:21]} Qf7 {[%clk 00:04:48]} {[%emt
00:03:15]} 40. Nf2 {[%clk 00:02:49]} {[%emt 00:01:29]} f4 {[%clk 00:04:12]}
{[%emt 00:01:06]} 41. gxf4 {[%clk 00:02:13]} {[%emt 00:01:06]} Bxf4 {[%clk
00:04:33]} {[%emt 00:00:10]} 42. Qd3 {[%clk 00:00:54]} {[%emt 00:01:48]} Qf6
{[%clk 00:03:14]} {[%emt 00:01:50]} 43. Kf1 {[%clk 00:24:21]} {[%emt 00:07:02]}
Qe6 {[%clk 00:28:34]} {[%emt 00:05:11]} 44. Qe2 {[%clk 00:21:40]} {[%emt
00:03:10]} Qe3 {[%clk 00:19:20]} {[%emt 00:09:45]} 45. Nd3 {[%clk 00:17:30]}
{[%emt 00:04:40]} Qxd4 {[%clk 00:16:09]} {[%emt 00:03:41]} 46. Qe6+ {[%clk
00:16:59]} {[%emt 00:01:01]} Kh8 {[%clk 00:15:09]} {[%emt 00:01:30]} 47. Qc8+
{[%clk 00:17:06]} {[%emt 00:00:24]} Kh7 {[%clk 00:15:30]} {[%emt 00:00:07]} 48.
Qf5+ {[%clk 00:17:29]} {[%emt 00:00:09]} Kg8 {[%clk 00:15:48]} {[%emt
00:00:12]} 49. Nxf4 {[%clk 00:16:12]} {[%emt 00:01:46]} Qd1+ {[%clk 00:15:42]}
{[%emt 00:00:37]} 1/2-1/2

[Event "DEM U16w 2023"]
[Site "Willingen GER"]
[Date "2023.05.29"]
[Round "3"]
[White "von Beckh, Frieda"]
[Black "Reddi, Bhuvana"]
[Result "1-0"]
[Termination "normal"]
[Board "10"]
[WhiteElo "1673"]
[BlackElo "1735"]
[WhiteClock "00:42:29"]
[BlackClock "00:06:17"]
[PlyCount "69"]
[WhiteFideId "16233751"]
[BlackFideId "16287002"]
[EventCountry "GER"]
[EventRounds "9"]
[EventType "swiss"]
[EventDate "2023.05.27"]

1. e4 {[%clk 01:30:58]} {[%emt 00:00:01]} e5 {[%clk 01:30:54]} {[%emt
00:00:11]} 2. Nf3 {[%clk 01:31:24]} {[%emt 00:00:04]} Nc6 {[%clk 01:31:16]}
{[%emt 00:00:16]} 3. Nc3 {[%clk 01:31:48]} {[%emt 00:00:08]} Nf6 {[%clk
01:31:41]} {[%emt 00:00:09]} 4. d4 {[%clk 01:32:13]} {[%emt 00:00:06]} exd4
{[%clk 01:32:04]} {[%emt 00:00:09]} 5. Nxd4 {[%clk 01:32:37]} {[%emt 00:00:06]}
Bb4 {[%clk 01:32:28]} {[%emt 00:00:07]} 6. Nxc6 {[%clk 01:33:01]} {[%emt
00:00:04]} bxc6 {[%clk 01:32:52]} {[%emt 00:00:04]} 7. Bd3 {[%clk 01:33:26]}
{[%emt 00:00:04]} d5 {[%clk 01:32:46]} {[%emt 00:00:25]} 8. exd5 {[%clk
01:33:44]} {[%emt 00:00:04]} cxd5 {[%clk 01:33:10]} {[%emt 00:00:06]} 9. O-O
{[%clk 01:34:09]} {[%emt 00:00:05]} O-O {[%clk 01:33:22]} {[%emt 00:00:19]} 10.
Bg5 {[%clk 01:34:31]} {[%emt 00:00:09]} c6 {[%clk 01:33:46]} {[%emt 00:00:05]}
11. Na4 {[%clk 01:34:45]} {[%emt 00:00:16]} Be7 {[%clk 01:33:25]} {[%emt
00:00:52]} 12. Re1 {[%clk 01:34:43]} {[%emt 00:00:30]} Qc7 {[%clk 01:31:23]}
{[%emt 00:02:32]} 13. c4 {[%clk 01:25:55]} {[%emt 00:09:19]} Be6 {[%clk
01:07:23]} {[%emt 00:24:30]} 14. Bxf6 {[%clk 01:16:10]} {[%emt 00:10:14]} Bxf6
{[%clk 01:06:39]} {[%emt 00:01:15]} 15. Nc5 {[%clk 01:14:55]} {[%emt 00:01:44]}
Rae8 {[%clk 00:33:03]} {[%emt 00:34:04]} 16. Rc1 {[%clk 01:07:04]} {[%emt
00:08:24]} Bxb2 {[%clk 00:15:39]} {[%emt 00:17:54]} 17. Nxe6 {[%clk 01:01:10]}
{[%emt 00:06:25]} fxe6 {[%clk 00:15:18]} {[%emt 00:00:51]} 18. Bxh7+ {[%clk
01:00:30]} {[%emt 00:01:09]} Kh8 {[%clk 00:14:12]} {[%emt 00:01:35]} 19. Qh5
{[%clk 00:53:53]} {[%emt 00:07:07]} Bxc1 {[%clk 00:13:16]} {[%emt 00:01:27]}
20. Rxc1 {[%clk 00:53:09]} {[%emt 00:01:14]} Qf4 {[%clk 00:12:31]} {[%emt
00:01:14]} 21. Bg6+ {[%clk 00:53:22]} {[%emt 00:00:18]} Qh6 {[%clk 00:11:15]}
{[%emt 00:01:46]} 22. Bxe8 {[%clk 00:53:20]} {[%emt 00:00:32]} Kg8 {[%clk
00:07:40]} {[%emt 00:04:05]} 23. Qxh6 {[%clk 00:47:38]} {[%emt 00:06:13]} gxh6
{[%clk 00:07:43]} {[%emt 00:00:27]} 24. Bxc6 {[%clk 00:47:55]} {[%emt
00:00:13]} Rd8 {[%clk 00:06:42]} {[%emt 00:01:30]} 25. cxd5 {[%clk 00:46:36]}
{[%emt 00:01:50]} exd5 {[%clk 00:07:02]} {[%emt 00:00:12]} 26. Rd1 {[%clk
00:47:01]} {[%emt 00:00:04]} d4 {[%clk 00:07:01]} {[%emt 00:00:31]} 27. f4
{[%clk 00:47:18]} {[%emt 00:00:12]} Kf7 {[%clk 00:07:23]} {[%emt 00:00:09]} 28.
Kf2 {[%clk 00:47:28]} {[%emt 00:00:20]} Kf6 {[%clk 00:07:13]} {[%emt 00:00:40]}
29. Kf3 {[%clk 00:47:38]} {[%emt 00:00:20]} Rd6 {[%clk 00:06:54]} {[%emt
00:00:50]} 30. Bb5 {[%clk 00:46:56]} {[%emt 00:01:10]} a5 {[%clk 00:06:43]}
{[%emt 00:00:43]} 31. Bc4 {[%clk 00:46:17]} {[%emt 00:01:09]} Rd8 {[%clk
00:05:59]} {[%emt 00:01:14]} 32. Ke4 {[%clk 00:46:01]} {[%emt 00:00:44]} Re8+
{[%clk 00:06:15]} {[%emt 00:00:15]} 33. Kf3 {[%clk 00:43:48]} {[%emt 00:02:42]}
Rd8 {[%clk 00:06:28]} {[%emt 00:00:17]} 34. g4 {[%clk 00:42:29]} {[%emt
00:01:51]} Rd7 {[%clk 00:06:17]} {[%emt 00:00:41]} 35. h4 {[%emt 00:01:44]} 1-0

[Event "DEM U16w 2023"]
[Site "Willingen GER"]
[Date "2023.05.29"]
[Round "3"]
[White "Ulrich, Helena Irene"]
[Black "Ottlik, Marie"]
[Result "0-1"]
[Termination "normal"]
[Board "11"]
[WhiteElo "1609"]
[BlackElo "1552"]
[WhiteClock "00:01:04"]
[BlackClock "00:12:46"]
[PlyCount "68"]
[WhiteFideId "16256000"]
[BlackFideId "16281730"]
[EventCountry "GER"]
[EventRounds "9"]
[EventType "swiss"]
[EventDate "2023.05.27"]

1. e4 {[%clk 01:30:59]} {[%emt 00:00:02]} c5 {[%clk 01:30:52]} {[%emt
00:00:13]} 2. Nf3 {[%clk 01:31:25]} {[%emt 00:00:03]} d6 {[%clk 01:31:15]}
{[%emt 00:00:14]} 3. d4 {[%clk 01:31:52]} {[%emt 00:00:06]} cxd4 {[%clk
01:31:40]} {[%emt 00:00:07]} 4. Nxd4 {[%clk 01:32:19]} {[%emt 00:00:04]} Nf6
{[%clk 01:32:03]} {[%emt 00:00:08]} 5. Nc3 {[%clk 01:32:46]} {[%emt 00:00:05]}
a6 {[%clk 01:32:30]} {[%emt 00:00:06]} 6. f3 {[%clk 01:33:10]} {[%emt
00:00:05]} e6 {[%clk 01:32:41]} {[%emt 00:00:15]} 7. Be3 {[%clk 01:33:33]}
{[%emt 00:00:07]} b5 {[%clk 01:33:02]} {[%emt 00:00:05]} 8. Qd2 {[%clk
01:33:45]} {[%emt 00:00:13]} Nbd7 {[%clk 01:33:18]} {[%emt 00:00:05]} 9. g4
{[%clk 01:33:46]} {[%emt 00:00:29]} Nb6 {[%clk 01:33:38]} {[%emt 00:00:08]} 10.
g5 {[%clk 01:14:17]} {[%emt 00:19:59]} Nfd7 {[%clk 01:33:53]} {[%emt 00:00:15]}
11. O-O-O {[%clk 01:12:08]} {[%emt 00:02:39]} Bb7 {[%clk 01:26:56]} {[%emt
00:07:27]} 12. Kb1 {[%clk 00:53:40]} {[%emt 00:18:58]} Ne5 {[%clk 01:18:28]}
{[%emt 00:08:58]} 13. Qf2 {[%clk 00:37:44]} {[%emt 00:16:26]} Nec4 {[%clk
01:17:07]} {[%emt 00:01:51]} 14. Bxc4 {[%clk 00:37:02]} {[%emt 00:01:12]} Nxc4
{[%clk 01:14:07]} {[%emt 00:03:31]} 15. Bc1 {[%clk 00:36:21]} {[%emt 00:01:10]}
b4 {[%clk 01:04:45]} {[%emt 00:09:52]} 16. Nce2 {[%clk 00:32:45]} {[%emt
00:04:06]} Qc7 {[%clk 01:00:06]} {[%emt 00:05:07]} 17. h4 {[%clk 00:23:20]}
{[%emt 00:09:57]} d5 {[%clk 00:48:25]} {[%emt 00:12:12]} 18. exd5 {[%clk
00:12:06]} {[%emt 00:11:45]} Bxd5 {[%clk 00:48:48]} {[%emt 00:00:07]} 19. Nb3
{[%clk 00:08:41]} {[%emt 00:03:55]} a5 {[%clk 00:39:36]} {[%emt 00:09:42]} 20.
Nf4 {[%clk 00:05:47]} {[%emt 00:03:24]} Bb7 {[%clk 00:34:22]} {[%emt 00:05:43]}
21. Nd3 {[%clk 00:04:52]} {[%emt 00:01:25]} Rc8 {[%clk 00:30:16]} {[%emt
00:04:36]} 22. Bf4 {[%clk 00:03:18]} {[%emt 00:02:05]} Bd6 {[%clk 00:22:20]}
{[%emt 00:08:26]} 23. Bxd6 {[%clk 00:03:16]} {[%emt 00:00:31]} Qxd6 {[%clk
00:22:12]} {[%emt 00:00:39]} 24. Ndc5 {[%clk 00:02:16]} {[%emt 00:01:29]} Qc7
{[%clk 00:19:27]} {[%emt 00:03:16]} 25. Rd7 {[%clk 00:01:44]} {[%emt 00:01:02]}
Qe5 {[%clk 00:18:22]} {[%emt 00:01:31]} 26. Qd4 {[%clk 00:00:46]} {[%emt
00:01:32]} Qxd4 {[%clk 00:18:08]} {[%emt 00:00:45]} 27. Rxd4 {[%clk 00:01:14]}
{[%emt 00:00:01]} Bxf3 {[%clk 00:16:57]} {[%emt 00:01:41]} 28. Rf1 {[%clk
00:00:41]} {[%emt 00:01:02]} Bd5 {[%clk 00:17:05]} {[%emt 00:00:22]} 29. Rdf4
{[%clk 00:00:39]} {[%emt 00:00:33]} O-O {[%clk 00:13:44]} {[%emt 00:03:51]} 30.
Nd3 {[%clk 00:00:38]} {[%emt 00:00:31]} a4 {[%clk 00:13:00]} {[%emt 00:01:15]}
31. Nbc5 {[%clk 00:00:38]} {[%emt 00:00:29]} Nd2+ {[%clk 00:13:22]} {[%emt
00:00:08]} 32. Ka1 {[%clk 00:00:56]} {[%emt 00:00:12]} Nxf1 33. Rxf1 {[%clk
00:01:24]} Bc4 {[%clk 00:12:38]} {[%emt 00:01:30]} 34. Kb1 {[%clk 00:01:04]}
{[%emt 00:00:52]} Rxc5 {[%clk 00:12:46]} {[%emt 00:00:22]} 0-1

[Event "DEM U16w 2023"]
[Site "Willingen GER"]
[Date "2023.05.29"]
[Round "3"]
[White "Rotärmel, Leonie"]
[Black "Neumann, Helena"]
[Result "0-1"]
[Termination "normal"]
[Board "12"]
[WhiteElo "1606"]
[BlackElo "1407"]
[WhiteClock "00:03:39"]
[BlackClock "00:28:45"]
[PlyCount "86"]
[WhiteFideId "16281390"]
[BlackFideId "16275365"]
[EventCountry "GER"]
[EventRounds "9"]
[EventType "swiss"]
[EventDate "2023.05.27"]

1. e4 {[%clk 01:30:58]} {[%emt 00:00:01]} c6 {[%clk 01:30:58]} {[%emt
00:00:06]} 2. d4 {[%clk 01:31:24]} {[%emt 00:00:04]} d5 {[%clk 01:31:25]}
{[%emt 00:00:05]} 3. Nc3 {[%clk 01:31:49]} {[%emt 00:00:07]} dxe4 {[%clk
01:31:46]} {[%emt 00:00:16]} 4. Nxe4 {[%clk 01:32:11]} {[%emt 00:00:13]} Bf5
{[%clk 01:32:13]} {[%emt 00:00:05]} 5. Ng3 {[%clk 01:32:32]} {[%emt 00:00:13]}
Bg6 {[%clk 01:32:39]} {[%emt 00:00:04]} 6. h4 {[%clk 01:32:36]} {[%emt
00:00:23]} h6 {[%emt 00:00:03]} 7. h5 {[%clk 01:33:01]} {[%emt 00:00:02]} Bh7
{[%clk 01:33:31]} {[%emt 00:00:03]} 8. Nf3 {[%clk 01:33:26]} {[%emt 00:00:04]}
Nd7 {[%clk 01:33:52]} {[%emt 00:00:07]} 9. Bd3 {[%clk 01:33:37]} {[%emt
00:00:08]} Bxd3 {[%clk 01:34:17]} {[%emt 00:00:05]} 10. Qxd3 {[%clk 01:33:57]}
{[%emt 00:00:10]} e6 {[%clk 01:34:43]} {[%emt 00:00:03]} 11. Bd2 {[%clk
01:33:44]} {[%emt 00:00:44]} Ngf6 {[%clk 01:35:06]} {[%emt 00:00:07]} 12. O-O-O
{[%clk 01:33:15]} {[%emt 00:00:59]} Bd6 {[%clk 01:35:30]} {[%emt 00:00:06]} 13.
Ne4 {[%clk 01:33:15]} {[%emt 00:00:29]} Nxe4 {[%clk 01:35:54]} {[%emt
00:00:07]} 14. Qxe4 {[%clk 01:33:39]} {[%emt 00:00:06]} Nf6 {[%clk 01:36:21]}
{[%emt 00:00:04]} 15. Qe2 {[%clk 01:33:29]} {[%emt 00:00:40]} Qc7 {[%clk
01:35:26]} {[%emt 00:01:24]} 16. g3 {[%clk 01:32:00]} {[%emt 00:01:59]} O-O-O
{[%clk 01:34:18]} {[%emt 00:01:39]} 17. Kb1 {[%clk 01:24:11]} {[%emt 00:08:18]}
Kb8 {[%clk 01:30:36]} {[%emt 00:04:11]} 18. c4 {[%clk 01:19:09]} {[%emt
00:05:31]} Qe7 {[%clk 01:12:55]} {[%emt 00:18:12]} 19. Ne5 {[%clk 01:03:35]}
{[%emt 00:16:04]} Nd7 {[%clk 00:59:52]} {[%emt 00:13:33]} 20. Bf4 {[%clk
01:01:12]} {[%emt 00:02:52]} Bc7 {[%clk 00:56:15]} {[%emt 00:04:08]} 21. Rd3
{[%clk 00:49:58]} {[%emt 00:11:43]} Nxe5 {[%clk 00:52:29]} {[%emt 00:04:17]}
22. Bxe5 {[%clk 00:50:12]} {[%emt 00:00:15]} f6 {[%clk 00:52:55]} {[%emt
00:00:04]} 23. Bxc7+ {[%clk 00:49:44]} {[%emt 00:00:58]} Kxc7 {[%clk 00:53:20]}
{[%emt 00:00:05]} 24. Re1 {[%clk 00:45:45]} {[%emt 00:04:29]} Rhe8 {[%clk
00:51:49]} {[%emt 00:02:02]} 25. Qg4 {[%clk 00:21:58]} {[%emt 00:24:16]} e5
{[%clk 00:43:14]} {[%emt 00:09:06]} 26. a3 {[%clk 00:15:08]} {[%emt 00:07:20]}
Qd7 {[%clk 00:38:54]} {[%emt 00:04:50]} 27. Qxd7+ {[%clk 00:13:28]} {[%emt
00:02:09]} Rxd7 {[%clk 00:36:48]} {[%emt 00:02:38]} 28. Kc2 {[%clk 00:11:22]}
{[%emt 00:02:35]} Red8 {[%clk 00:35:51]} {[%emt 00:01:27]} 29. Red1 {[%clk
00:06:41]} {[%emt 00:05:11]} Rxd4 {[%clk 00:32:47]} {[%emt 00:03:34]} 30. Rxd4
{[%clk 00:06:40]} {[%emt 00:00:31]} exd4 {[%clk 00:31:56]} {[%emt 00:01:21]}
31. b4 {[%clk 00:05:38]} {[%emt 00:01:32]} a5 {[%clk 00:31:09]} {[%emt
00:01:17]} 32. c5 {[%clk 00:05:14]} {[%emt 00:00:54]} axb4 {[%clk 00:30:25]}
{[%emt 00:01:16]} 33. axb4 {[%clk 00:05:38]} {[%emt 00:00:05]} b6 {[%clk
00:30:22]} {[%emt 00:00:32]} 34. Kb3 {[%clk 00:02:37]} {[%emt 00:03:31]} bxc5
{[%clk 00:28:07]} {[%emt 00:02:46]} 35. bxc5 {[%clk 00:03:02]} {[%emt
00:00:05]} d3 {[%clk 00:28:31]} {[%emt 00:00:06]} 36. Kc4 {[%clk 00:02:19]}
{[%emt 00:01:13]} d2 {[%clk 00:28:03]} {[%emt 00:00:59]} 37. g4 {[%clk
00:02:07]} {[%emt 00:00:40]} f5 {[%clk 00:26:57]} {[%emt 00:01:37]} 38. f3
{[%clk 00:02:20]} {[%emt 00:00:18]} fxg4 {[%clk 00:26:40]} {[%emt 00:00:46]}
39. fxg4 {[%clk 00:02:45]} {[%emt 00:00:05]} Rd5 {[%clk 00:27:03]} {[%emt
00:00:07]} 40. Kc3 {[%clk 00:02:38]} {[%emt 00:00:35]} Rxc5+ {[%clk 00:27:25]}
{[%emt 00:00:10]} 41. Kxd2 {[%clk 00:03:02]} {[%emt 00:00:05]} Rd5+ {[%clk
00:27:52]} {[%emt 00:00:05]} 42. Ke2 {[%clk 00:03:24]} {[%emt 00:00:07]} Rxd1
{[%clk 00:28:17]} {[%emt 00:00:05]} 43. Kxd1 {[%clk 00:03:39]} {[%emt
00:00:14]} Kd6 {[%clk 00:28:45]} {[%emt 00:00:04]} 0-1